Language Quiz

Random Language or Letter Quiz

Letter Pair A and M Quiz Stats

 Plays Quiz not verified by Sporcle

Challenge
Share
Tweet
Embed
Score 0/10 Timer 02:00
0 Plays Today
Hint Answer % Correct
A school from which one has attendedAlma Mater
87.8%
Messages delivered by planeAir Mail
85.1%
A portable, inflatable bedAir Mattress
83.8%
The highest ranked man in a packAlpha Male
75.7%
A yearly gathering, usually of corporate executivesAnnual Meeting
71.6%
A symbol placed above a letter to indicate stressAccent Mark
55.4%
A property of an element shown on the periodic table of elementsAtomic Mass
48.6%
The group of the first column of elements in the periodic tableAlkali Metals
39.2%
A song by Schubert used in Walt Disney's FantasiaAve Maria
20.3%
Author of The Dragonriders of Pern seriesAnne McCaffrey
13.5%

You're not logged in!

Compare scores with friends on all Sporcle quizzes.
Join for Free
OR
Log In

You Might Also Like...

Show Comments

Extras

Created Oct 24, 2012ReportFavoriteNominate
Tags:Letter Quiz

Top Quizzes Today


Score Distribution

Your Account Isn't Verified!

In order to create a playlist on Sporcle, you need to verify the email address you used during registration. Go to your Sporcle Settings to finish the process.

Report this User

Report this user for behavior that violates our Community Guidelines.

Details: